Sports Quiz

Random Sports or Football Quiz

NFL Top Two WRs (2009-2010) Quiz Stats

 Plays Quiz Updated Oct 18, 2018

Challenge
Share
Tweet
Embed
Score 0/64 Timer 10:00
5 Plays Today
Team Wide Receiver % Correct
New England PatriotsRandy Moss
94.3%
Cincinnati BengalsChad Ochocinco
93%
Washington RedskinsSantana Moss
92.3%
New England PatriotsWes Welker
91.7%
Houston TexansAndre Johnson
91%
Detroit LionsCalvin Johnson
90.8%
Detroit LionsBryant Johnson
90%
Carolina PanthersSteve Smith
83.8%
New York GiantsSteve Smith
83.8%
Arizona CardinalsLarry Fitzgerald
82.2%
Indianapolis ColtsReggie Wayne
80.8%
Philadelphia EaglesDeSean Jackson
80.2%
San Diego ChargersVincent Jackson
80.2%
Pittsburgh SteelersHines Ward
77.2%
Denver BroncosBrandon Marshall
75.4%
Arizona CardinalsAnquan Boldin
74.7%
Pittsburgh SteelersSantonio Holmes
70.6%
Buffalo BillsTerrell Owens
69.5%
Atlanta FalconsRoddy White
69.1%
Dallas CowboysMiles Austin
67%
Green Bay PackersDonald Driver
65.9%
Minnesota VikingsSidney Rice
65.5%
Dallas CowboysRoy E. Williams
63.1%
New Orleans SaintsMarques Colston
63.1%
Green Bay PackersGreg Jennings
62.1%
New York JetsBraylon Edwards
59.5%
Baltimore RavensDerrick Mason
58.1%
Buffalo BillsLee Evans
58.1%
Kansas City ChiefsDwayne Bowe
56.6%
Minnesota VikingsPercy Harvin
47.5%
Chicago BearsDevin Hester
47.3%
San Francisco 49ersMichael Crabtree
43.5%
Team Wide Receiver % Correct
New York JetsJerricho Cotchery
43.5%
Indianapolis ColtsAustin Collie
42.4%
Jacksonville JaguarsMike Sims-Walker
41%
Philadelphia EaglesJeremy Maclin
39.2%
Jacksonville JaguarsTorry Holt
38.4%
New York GiantsMario Manningham
35%
Tampa Bay BuccaneersAntonio Bryant
34.9%
Tenessee TitansKenny Britt
34.4%
New Orleans SaintsDevery Henderson
34.1%
Miami DolphinsDavone Bess
29.5%
Houston TexansKevin Walter
29.1%
Carolina PanthersMuhsin Muhammad
28.1%
Kansas City ChiefsChris Chambers
27.6%
San Diego ChargersMalcom Floyd
26%
Tenessee TitansNate Washington
25.4%
Atlanta FalconsMichael Jenkins
25.2%
Baltimore RavensKelley Washington
25.2%
Seattle SeahawksT.J. Houshmandzadeh
24.9%
St. Louis RamsDonnie Avery
21.3%
Cleveland BrownsMohamed Massaquoi
17.7%
Oakland RaidersLouis Murphy
16.6%
Miami DolphinsGreg Camarillo
15.2%
Chicago BearsEarl Bennett
14.8%
Washington RedskinsAntwaan Randle El
14.5%
Seattle SeahawksNate Burleson
14.3%
St. Louis RamsDanny Amendola
13.5%
San Francisco 49ersJosh Morgan
13.3%
Denver BroncosJabar Gaffney
11.9%
Cincinnati BengalsAndre Caldwell
9.4%
Oakland RaidersChaz Schilens
4.5%
Cleveland BrownsMike Furrey
3.6%
Tampa Bay BuccaneersSammie Stroughter
3.1%

You're not logged in!

Compare scores with friends on all Sporcle quizzes.
OR
Log In

You Might Also Like...

Show Comments

Extras

Top Quizzes Today


Score Distribution

Your Account Isn't Verified!

In order to create a playlist on Sporcle, you need to verify the email address you used during registration. Go to your Sporcle Settings to finish the process.

Report this User

Report this user for behavior that violates our Community Guidelines.

Details: